| 000 | 00358nam a2200145Ia 4500 | ||
|---|---|---|---|
| 008 | 210210b1974 xxu||||| |||| 00| 0 eng d | ||
| 082 | _a338.5 SUNM | ||
| 100 | _aSUNDHARAM (K P M). | ||
| 245 | _aMicroeconomics. | ||
| 260 |
_aDelhi _bSultan Chand & Sons _c1974 |
||
| 300 | _aix,584 | ||
| 650 | _aMicroeconomics | ||
| 690 | _aMicroeconomics | ||
| 906 | _a031494 | ||
| 999 |
_c82707 _d82707 |
||